000 00331nam a2200133Ia 4500
008 220204s9999 xx 000 0 und d
082 _a641.85
_bPIN
100 _aPintauro, Nicholas D
245 0 _aSweetners and enhancers
260 _aNew Jersey
_bNoyes Data
_c1977
650 _aDipeptides
650 _aSweeteners
942 _cBK
999 _c29825
_d29825